Polymers from agricultural coproducts /
Salvato in:
| Enti autori: | , |
|---|---|
| Altri autori: | , , |
| Natura: | Libro |
| Lingua: | inglese |
| Pubblicazione: |
Washington, DC
American Chemical Society
1994.
|
| Serie: | ACS symposium series,
575 |
| Soggetti: | |
| Accesso online: | Visualizza in OPAC |
| Tags: |
Nessun Tag, puoi essere il primo ad aggiungerne!!
|
MARC
| LEADER | 00000cam a2200000 a 4500 | ||
|---|---|---|---|
| 005 | 20260127134048.0 | ||
| 008 | 050512s1994 dcua b 101 0 eng | ||
| 010 | |a 94-031143 | ||
| 020 | |a 0841230412 (alk. paper) | ||
| 035 | |a vtls008153466 | ||
| 035 | |a 4434026 | ||
| 039 | 9 | |y 200505121113 |z mschk03 | |
| 040 | |a STUSCHK1 |b slo |c STUSCHK1 | ||
| 082 | 0 | 0 | |a 668.9 |2 20 |
| 110 | 2 | |a American Chemical Society. |b Meeting |n (206 : |d 1993 : |c Chicago, Ill.) | |
| 245 | 1 | 0 | |a Polymers from agricultural coproducts / |c Marshall L. Fishman, Robert B. Friedman, Samuel J. Huang, [editors]. |
| 260 | |a Washington, DC |b American Chemical Society |c 1994. | ||
| 300 | |a viii, 247 p. |b ill. |c 24 cm. | ||
| 440 | 0 | |a ACS symposium series, |x 0097-6156 ; |v 575 | |
| 500 | |a "Developed from a symposium sponsored by the Division of Agricultural and Food Chemistry at the 206th National Meeting of the American Chemical Society, Chicago, Illinois, August 22-27, 1993." | ||
| 504 | |a Includes bibliographical references and indexes. | ||
| 650 | 0 | |a Polymers |x Congresses. | |
| 650 | 0 | |a Biopolymers |x Congresses. | |
| 650 | 0 | |a Biomass chemicals |x Congresses. | |
| 700 | 1 | |a Fishman, Marshall L., |d 1937- | |
| 700 | 1 | |a Friedman, Robert B., |d 1938- | |
| 700 | 1 | |a Huang, Samuel J., |d 1937- | |
| 710 | 2 | |a American Chemical Society. |b Division of Agricultural and Food Chemistry. | |
| 906 | |a 7 |b cbc |c orignew |d 1 |e ocip |f 19 |g y-gencatlg | ||
| 910 | |a SCHK95 | ||
| 919 | |a 0-8412-3041-2 | ||
| 920 | |a ** LC HAS REQ'D # OF SHELF COPIES ** | ||
| 991 | |b c-GenColl |h TP1081 |i .P66 1993 |t Copy 1 |w BOOKS | ||
| 999 | |c 3207 |d 3207 | ||